[Event "Rodovre-ch C"]
[Site "Rodovre"]
[Date "2006.09.19"]
[Round "3"]
[White "Thrane, Jens S"]
[Black "Nielsen, Niels Peter Krogh"]
[Result "0-1"]
[WhiteElo "1460"]
[BlackElo "1461"]
[PlyCount "170"]
[EventDate "2006.09.05"]
[EventType "tourn"]
[EventRounds "7"]
[EventCountry "DEN"]
[SourceTitle "EXT 2023"]
[Source "ChessBase"]
[SourceDate "2022.10.05"]
[SourceVersion "1"]
[SourceVersionDate "2022.10.05"]
[SourceQuality "1"]

1. d4 Nf6 2. c4 d6 3. Nc3 g6 4. e4 Bg7 5. f3 0-0 6. Nge2 c5 7. d5 Ne8 8. Be3 f5 9. exf5 Bxf5 10. Ng3 e6 11. Nxf5 exf5 12. Qd2 Qe7 13. Be2 Nd7 14. 0-0-0 a6 15. h4 h5 16. g4 Ndf6 17. gxf5 gxf5 18. Rdg1 Kh8 19. Rg6 Kh7 20. Rhg1 Qf7 21. R6g3 Nd7 22. f4 Ndf6 23. R1g2 Bh6 24. Qd3 Ng7 25. Rxg7+ Bxg7 26. Qxf5+ Kh8 27. Rg6 Rae8 28. Bd2 Qd7 29. Qg5 Qe7 30. f5 Rf7 31. Bf3 Qe5 32. Ne2 Nh7 33. Qxh5 Qxb2+ 34. Kd1 Qb1+ 35. Nc1 Qxf5 36. Rxg7 Kxg7 37. Qh6+ Kg8 38. Bh5 Rf6 39. Bxe8 Rxh6 40. Bxh6 Qg4+ 41. Ne2 Qxh4 42. Bf4 Qe7 43. Bg6 Qf6 44. Bd3 Ng5 45. Kd2 Nf3+ 46. Ke3 Nd4 47. Ng3 b5 48. Ne4 Nf5+ 49. Kf3 Qd4 50. Nf2 Qc3 51. Kg4 Nd4 52. Bxd6 bxc4 53. Be4 Qe3 54. Bg3 c3 55. d6 c2 56. d7 Ne6 57. Bxc2 Qd4+ 58. Ne4 Kg7 59. Bd6 Nd8 60. Kf5 Qd5+ 61. Be5+ Kf8 62. Bb3 Qxd7+ 63. Kf6 Qe7+ 64. Kf5 Qh7+ 65. Kf4 Qh4+ 66. Kf5 Qh5+ 67. Kf6 Qf3+ 68. Kg6 Qxe4+ 69. Kf6 Qc6+ 70. Kf5 c4 71. Bc2 Qf3+ 72. Bf4 c3 73. Be4 Qf2 74. Bd5 c2 75. Kg4 Qxf4+ 76. Kxf4 c1Q+ 77. Ke4 Ke7 78. Bb3 Kf6 79. Kd4 Nc6+ 80. Kd3 Ke5 81. Ke2 Qc3 82. Kd1 Kd4 83. Ke2 Ne5 84. Kd1 Ke3 85. a4 Qd2# 0-1